000 01074nam a2200313 i 4500
001 000015677
003 DO-SdBNP
005 20240412074244.0
007 ta
008 100217s2008 dr 000 p spa d
020 _a9789945162561
040 _aDO-SdBNP
_bspa
_cBNPHU
_erda
082 4 _aRD861.44
_bP438zI
_222
100 1 _aPérez Castillo, Guillermo,
_d1940-
_935336
_eautor
245 1 0 _aInsondable acecho /
_cGuillermo Pérez Castillo.
264 _aSanto Domingo :
_bBúho,
_c2008.
300 _a125 páginas ;
_c22 cm.
336 _2rdacontent
_atexto
_btxt
337 _2rdaedia
_asin mediación
_bn
338 _2rdacarrier
_avolumen
_bnc
490 _aÍnsulas extrañas ;
_v 14
500 _aIncluye datos biográficos del autor en la solapa de la cubierta.
590 _aInventariado, 2020 / DG
600 1 4 _aPérez Castillo, Guillermo,
_xCrítica e interpretación
_935337
_d1940-
650 4 _aPoesía dominicana
_966
650 0 _aLiteratura dominicana.
_967
910 _aInventariado, 2020 / DG/Validado. Control de calidad MFF.
942 _2ddc
_cLBS1
999 _c15229
_d15229